000 00481nam a2200157Ia 4500
008 231217s9999 xx 000 0 und d
041 _aEnglish
082 _a658.8 JEA;3
100 _aJeannet, Jean-Pierre Hennessey, Hubert D
245 0 _aGlobal marketing strategies (international student edition)
250 _a2nd ed.
260 _c2004
_bJaico,
_aMumbai
300 _axviii+899
650 _aGlobal,marketing,strategies,(international,student,edition)
942 _cAA
999 _c171195
_d171195